| 000 -LEADER |
| fixed length control field |
01497pab a2200157 454500 |
| 008 - FIXED-LENGTH DATA ELEMENTS--GENERAL INFORMATION |
| fixed length control field |
180718b2001 xxu||||| |||| 00| 0 eng d |
| 100 ## - MAIN ENTRY--PERSONAL NAME |
| Personal name |
Kanwar, Rakesh |
| 245 ## - TITLE STATEMENT |
| Title |
Disaster management |
| 260 ## - PUBLICATION, DISTRIBUTION, ETC. |
| Date of publication, distribution, etc. |
2001 |
| 300 ## - PHYSICAL DESCRIPTION |
| Extent |
p.96-110. |
| 362 ## - DATES OF PUBLICATION AND/OR SEQUENTIAL DESIGNATION |
| Dates of publication and/or sequential designation |
Dec |
| 520 ## - SUMMARY, ETC. |
| Summary, etc. |
Disaster Management is the latest buzzword in the country. The Gujarat earthquake has jolted the nation. After the quake everyone started talking about poor management of disaster situations and the need to have a proper disaster management plan. Newspapers were full of articles, editorials and special stories for quite sometime. As soon as they got the next big story they moved on. But that is the character of the media. Irony is that the issues highlighted by the media and other experts tend to be forgotten. Nothing can highlight it better than the national apathy and indifference in the intervening period between Orissa Cyclone and Gujarat Earthquake. The paper takes a look at the disaster management scenario in the country and advocates an integrated approach to disaster management that focuses on fire prevention rather than fire fighting, besides seeking to involve local people through elected bodies at all levels of governance. The paper also attempts to pin point the problem areas in disaster management and the lack of proper planning in the spheres of disaster prevention, mitigation and post situation management. - Reproduced. |
| 650 ## - SUBJECT ADDED ENTRY--TOPICAL TERM |
| Topical term or geographic name entry element |
Disasters |
| 773 ## - HOST ITEM ENTRY |
| Main entry heading |
Administrator |
| 909 ## - |
| -- |
52666 |